[Event "IV Niterói Chess Open 2024"]
[Site "Rio de Janeiro"]
[Date "2024.08.30"]
[Round "4"]
[Board "48"]
[White "Spina, Deris Eduardo"]
[Black "Nascimento, Bianca Alencar De S."]
[Result "1-0"]
[WhiteElo "1823"]
[BlackElo "1621"]
[Annotator "Chessbase"]
[PlyCount "121"]
[EventDate "2024.08.28"]
[EventRounds "7"]
[EventCountry "BRA"]

1. e4 c5 2. Nf3 Nc6 3. d4 cxd4 4. Nxd4 Nf6 5. Nc3 e6 6. Ndb5 d6 7. Bf4 e5 8. Bg5 a6 9. Na3 b5 10. Nd5 Be7 11. Bxf6 Bxf6 12. c4 Qa5+ 13. Qd2 b4 ({RR} 13... Qxd2+ 14. Kxd2 Bg5+ 15. Kc3 O-O 16. cxb5 Nd4 17. b6 Bb7 18. Bc4 Rac8 19. Kd3 Kh8 20. f4 Bh6 21. f5 g6 22. g4 gxf5 23. gxf5 Nf3 24. Nc7 Rb8 25. Bd5 Bc8 26. Nc4 Bd7 27. a4 Nd4 28. a5 {0-1 Jacobson,B (2491)-Paravyan,D (2647) Titled Arena 2nd Jan blitz 2021}) 14. Nc2 Bb7 $146 ({RR} 14... Rb8 15. b3 O-O 16. Be2 Qc5 17. O-O Bd8 18. Rad1 f5 19. exf5 Bxf5 20. Nde3 Bxc2 21. Nxc2 Be7 22. Bf3 Kh8 23. Bxc6 Qxc6 24. Ne3 Bg5 25. Qxd6 Qe4 26. Qd3 Qh4 27. Nd5 Rbd8 28. Rde1 Bf6 29. Qe4 {1-0 Kochiev,I (2051)-Kiseleva,S (2174) Titled Tue 2nd Jan Early 2024 (2)}) ({RR} 14... Rb8 15. b3 Qc5 16. Be2 Bd8 17. O-O O-O 18. a3 bxa3 19. b4 Qa7 20. Rxa3 Qd7 21. b5 axb5 22. cxb5 Ne7 23. Ncb4 Nxd5 24. Nxd5 Bb7 25. Rd1 Qe6 26. Bc4 Qf6 27. Qe2 Kh8 28. Rg3 Qe6 29. Ne3 {1-0 Schimmer,M (1917)-Rauschenbach,R (2078) Eschborn op 08th 2011 (5)}) ({RR} 14... Rb8 15. b3 Qc5 16. Rd1 Bd8 17. Be2 O-O 18. O-O a5 19. g4 Be6 20. Nde3 Bc7 21. Kh1 Ne7 22. Nf5 Ng6 23. Nce3 Nf4 24. Ng2 Nxg2 25. Kxg2 f6 26. Qd3 g6 27. Ng3 Rbd8 28. h4 Kg7 29. h5 {1-0 Marjanusic,V (2280)-Sente,D (2032) Subotica-ch 2009 (4)}) 15. b3 O-O-O 16. a3 Rd7 17. axb4 Qd8 18. g3 Bg5 19. f4 exf4 20. gxf4 Bh4+ 21. Kd1 Rf8 22. b5 axb5 23. cxb5 Ne7 24. Ncb4 Nxd5 25. Nxd5 f5 26. Qd4 Bf6 27. Qc4+ Kb8 28. Ra2 fxe4 29. Bh3 Rdf7 30. Be6 Qe8 31. Qa4 Qxe6 32. Qa7+ Kc8 33. Rc2+ Kd8 34. Qb8+ Bc8 35. Qb6+ Kd7 36. Qc7+ Ke8 37. Qxc8+ Qxc8 38. Rxc8+ Kd7 39. Rxf8 Rxf8 40. Ke2 Ke6 41. Rd1 Rb8 42. Ke3 Kf5 43. Nxf6 gxf6 44. Rd5+ Ke6 45. Kxe4 Rb7 46. Rh5 Rg7 47. b6 Rf7 48. f5+ Kd7 49. Kd5 Re7 50. b7 Kc7 51. b8=Q+ Kxb8 52. Kxd6 Rb7 53. Rh3 Kc8 54. Ke6 Rb6+ 55. Ke7 Kb8 56. Kf7 Kc8 57. Kg7 h5 58. Rxh5 Rxb3 59. Kxf6 Rb6+ 60. Kg7 Rb7+ 61. Kg6 1-0

[Event "IV Niterói Chess Open 2024"]
[Site "Rio de Janeiro"]
[Date "2024.08.29"]
[Round "2"]
[Board "28"]
[White "Santos, Valentim Do Carmo Ribeiro"]
[Black "Da Cunha, Fabio Barbosa"]
[Result "1-0"]
[WhiteElo "1800"]
[BlackElo "2034"]
[Annotator "Chessbase"]
[PlyCount "88"]
[EventDate "2024.08.28"]
[EventRounds "7"]
[EventCountry "BRA"]

1. e4 c5 2. Nf3 Nc6 3. d4 cxd4 4. Nxd4 Nf6 5. Nc3 e5 6. Ndb5 d6 7. Bg5 a6 8. Na3 b5 9. Nab1 Be7 10. Bxf6 Bxf6 11. a4 b4 12. Nd5 O-O 13. Bc4 Bg5 14. O-O Be6 15. Qd3 a5 16. c3 Rb8 17. Bb5 Ne7 18. c4 $146 ({RR} 18. Nxe7+ Qxe7 19. cxb4 axb4 20. Nd2 f5 21. exf5 Rxf5 22. Bc4 Bxd2 23. Bxe6+ Qxe6 24. Qxd2 d5 25. a5 Rf7 26. Rfe1 Ra7 27. Qe3 Rba8 28. Qc5 b3 29. h3 h6 30. Re3 Rb7 31. Rd1 Rc8 32. Qa3 Rcb8 {1-0 Liang,J (2398)-Tang,Z (2212) North American Junior U20 2024 (9.4)}) ({RR} 18. cxb4 Bxd5 19. exd5 axb4 20. Nd2 Bxd2 21. Qxd2 Qa5 22. f4 exf4 23. Qxf4 Qb6+ 24. Kh1 Nxd5 25. Qg5 Nc7 26. Bc4 Qc5 27. Qg4 Nd5 28. Bxd5 Qxd5 29. a5 Qb5 30. Qd4 Ra8 31. Qxd6 Rxa5 32. Rae1 Qc5 {0-1 Francisco Guecamburu,C (2292)-Sadubayev,A (2290) Titled Tue 19th Mar Early 2024 (6)}) ({RR} 18. cxb4 Bxd5 19. exd5 axb4 20. Nd2 f5 21. Nc4 Qc7 22. Nxe5 dxe5 23. d6 Qa7 24. dxe7 Qxe7 25. Rfd1 Kh8 26. Qd6 e4 27. Qxe7 Bxe7 28. Rd5 Bf6 29. a5 Bxb2 30. Rad1 b3 31. Rb1 Bc3 32. a6 b2 {½-½ Kulon,K (2321)-Narva,M (2403) Holuj-Radzikowska POL-ROW 2023 (1.1)}) 18... Bxd5 19. exd5 f5 20. Nd2 e4 21. Qe2 Ng6 22. Nb3 Nf4 23. Qc2 Qf6 24. Nxa5 Qg6 25. Nc6 Bf6 26. g3 Qg4 27. f3 exf3 28. Kh1 Rbe8 29. c5 Qh3 30. Rxf3 Re2 31. Qxe2 Nxe2 32. Bxe2 Bxb2 33. Rb1 Be5 34. Rxb4 g5 35. Nxe5 dxe5 36. d6 e4 37. Rfb3 h5 38. c6 h4 39. g4 e3 40. c7 fxg4 41. Rxg4 Rf1+ 42. Rg1 Rf2 43. Rb8+ Kf7 44. Bh5+ Kf6 1-0

[Event "IV Niterói Chess Open 2024"]
[Site "Rio de Janeiro"]
[Date "2024.08.29"]
[Round "3"]
[Board "44"]
[White "Dos Santos, Jackson De Souza Teles"]
[Black "Ramos, Angelo Bil"]
[Result "1/2-1/2"]
[WhiteElo "1773"]
[BlackElo "1957"]
[Annotator "Chessbase"]
[PlyCount "59"]
[EventDate "2024.08.28"]
[EventRounds "7"]
[EventCountry "BRA"]

1. e4 c5 2. Nf3 Nc6 3. d4 cxd4 4. Nxd4 Nf6 5. Nc3 e5 6. Nb3 Bb4 7. Bd3 d5 8. exd5 Nxd5 9. Bd2 Nxc3 10. Bxc3 Bxc3+ 11. bxc3 O-O 12. O-O Qg5 ({RR} 12... Qe7 13. Qe2 Bd7 14. f4 exf4 15. Qxe7 Nxe7 16. Rxf4 Rac8 17. c4 Ng6 18. Rd4 Be6 19. Re1 Rc7 20. Nd2 Rfc8 21. Ne4 Nf8 22. Re3 b6 23. h3 Rc6 24. Kh2 g6 25. Nf6+ Kg7 26. Nd5 Rc5 27. a4 {0-1 Amanov,M (2047)-Bachin,V (2445) Wch U18 Oropesa del Mar 2001 (8)}) ({RR} 12... b6 13. Qh5 f5 14. Rad1 Qf6 15. Bc4+ Kh8 16. Bd5 Bb7 17. Qf3 Rac8 18. Nc1 e4 19. Qe3 Ba6 20. Rfe1 Ne7 21. Ne2 Bxe2 22. Qxe2 Nxd5 23. Rxd5 Qxc3 24. Rd2 Rfd8 25. Rxd8+ Rxd8 26. Rd1 Rxd1+ 27. Qxd1 {½-½ Polnarova,T (1662)-Dima,M (1939) IBCA European Individuals 2024 (8.12)}) 13. Qf3 Rb8 14. Rfe1 $146 ({RR} 14. Qg3 Qxg3 15. fxg3 b6 16. Rae1 f6 17. Be4 Bb7 18. Rd1 Rfd8 19. Rd2 Rxd2 20. Nxd2 Nd8 21. Bxb7 Nxb7 22. Re1 Rd8 23. Re2 Nc5 24. Nb3 Na4 25. Re3 Rc8 26. Kf2 Rxc3 27. Rxc3 Nxc3 28. Nc1 Kf7 {0-1 Aase,O (835)-Lode,M (1251) Bergen Sommer op 2006 (4)}) ({RR} 14. Qg3 Qxg3 15. hxg3 b6 16. Rad1 Be6 17. Be4 Ne7 18. Rd6 Rfd8 19. Rfd1 Rxd6 20. Rxd6 Rc8 21. f3 Nf5 {0-1 Pannenbaecker,H (1592)-Papenkordt,K (1682) Hessen-ch Seniors op 01st 2005 (4)}) 14... Kh8 15. Qg3 Qxg3 16. hxg3 b6 17. Bb5 Ne7 18. Rxe5 Ng6 19. Re8 Rxe8 20. Bxe8 Be6 21. Bb5 Rc8 22. Rd1 h6 23. Nd4 Bc4 24. Bxc4 Rxc4 25. Rd3 Kh7 26. f4 a6 27. Ne2 Ra4 28. Nc1 Rc4 29. Ne2 Ra4 30. Nc1 1/2-1/2

[Event "IV Niterói Chess Open 2024"]
[Site "Rio de Janeiro"]
[Date "2024.09.01"]
[Round "7"]
[Board "21"]
[White "Pontes, Luiz Felizola Lima"]
[Black "Lopes, Eduardo Moraes"]
[Result "1-0"]
[WhiteElo "1777"]
[BlackElo "1933"]
[Annotator "Chessbase"]
[PlyCount "71"]
[EventDate "2024.08.28"]
[EventRounds "7"]
[EventCountry "BRA"]

1. e4 c5 2. Nf3 Nc6 3. d4 cxd4 4. Nxd4 Nf6 5. Nc3 e5 6. Ndb5 d6 7. Bg5 a6 8. Na3 b5 9. Nd5 Be7 10. Bxf6 Bxf6 11. c3 O-O 12. Nc2 Rb8 13. Be2 Bg5 14. Nce3 Bxe3 15. Nxe3 Ne7 16. O-O ({RR} 16. Qd3 Qc7 17. Rd1 Rd8 18. O-O Be6 19. Nd5 Bxd5 20. exd5 f5 21. f4 Qc5+ 22. Kh1 e4 23. Qh3 Rf8 24. g4 g6 25. gxf5 Nxf5 26. b4 Qe3 27. Qg2 Qxc3 28. Qxe4 Rbe8 29. Qd3 Qxd3 30. Bxd3 Ne3 {0-1 Nalbant,T (2354)-Hammer,J (2650) Titled Tuesday intern op 5th March blitz 2019 (7)}) 16... Bb7 17. Bf3 Qb6 18. Qb3 $146 ({RR} 18. a4 Rbd8 19. Qb3 Kh8 20. axb5 axb5 21. c4 f5 22. Qxb5 Qxb5 23. cxb5 fxe4 24. Bd1 d5 25. Ra7 Rb8 26. Bb3 Nc8 27. Ra5 Nb6 28. Ra7 d4 29. Ng4 Rfe8 30. Rc1 Nc8 31. Rxb7 Rxb7 32. Nxe5 h6 {0-1 Titichoca Daza,D (2250)-Goryachkina,A (2610) Titled Tuesday intern op 15th Feb Late blitz 2022 (10)}) 18... Kh8 19. c4 f5 20. cxb5 fxe4 21. Be2 d5 22. bxa6 Bxa6 23. Qxb6 Rxb6 24. Bxa6 Rxa6 25. Rfd1 d4 26. Nc4 Rf5 27. Re1 Rc6 28. b3 Nd5 29. Rxe4 Re6 30. Rd1 Kg8 31. Rdxd4 Nc3 32. Rd8+ Kf7 33. Re3 Nxa2 34. Nd6+ Ke7 35. Re8+ Kxd6 36. Rd3+ 1-0

[Event "IV Niterói Chess Open 2024"]
[Site "Rio de Janeiro"]
[Date "2024.08.31"]
[Round "6"]
[White "Videira, Matheus Martins"]
[Black "De Haro, Martim Afonso Palma"]
[Result "1-0"]
[WhiteElo "1830"]
[BlackElo "1804"]
[Annotator "Chessbase"]
[PlyCount "63"]
[EventDate "2024.08.28"]
[EventRounds "7"]
[EventCountry "BRA"]

1. e4 c5 2. Nf3 g6 3. d4 cxd4 4. Nxd4 Nc6 5. Nc3 Bg7 6. Be3 Nf6 7. Be2 O-O 8. O-O d5 9. exd5 Nxd5 10. Nxc6 bxc6 11. Nxd5 cxd5 12. Bf3 ({RR} 12. c3 e5 13. Bb5 Bb7 14. Bc5 Qc7 15. Bxf8 Bxf8 {½-½ Maras,A (2079)-Saric,A (2539) Split op 8th 2018 (2)}) ({RR} 12. c3 a5 13. Qd2 Rb8 14. Rad1 Be6 15. Bc5 Qd7 16. b4 Rfc8 17. Bf3 Qa4 18. Bxd5 axb4 19. Bxe6 bxc3 20. Qd5 fxe6 21. Qxe6+ Kh8 22. Be3 c2 23. Rc1 Bf6 24. h3 Qc4 25. Qd7 Qxa2 26. Qg4 Qc4 {0-1 Caku,K (1796)-Roberson,P (2426) Titled Tue 16th Apr Early 2024 (1)}) 12... Bb7 13. c4 d4 $146 ({RR} 13... Qa5 14. Bxd5 Bxd5 15. Qxd5 Qxd5 16. cxd5 Bxb2 17. Rab1 Rfb8 18. Rfd1 Ba3 19. Rb3 Rxb3 20. axb3 a5 21. Bf4 Rc8 22. Rd3 Bc1 23. Bg3 Bd2 24. Kf1 Bb4 25. Ke2 Rc2+ 26. Kf3 Kf8 27. Bf4 f5 28. Be3 {½-½ Neumann,I (1705)-Zakoucka,A (2016) Berlin Spandau op 2017 (3)}) 14. Bxb7 Rb8 15. Bxd4 Bxd4 16. Ba6 Rxb2 17. Bb5 e5 18. a3 Qb6 19. Qf3 Rxf2 20. Rxf2 Bxa1 21. Kh1 Bd4 22. Rf1 Kg7 23. Bc6 Qc5 24. Bd5 f5 25. Rb1 Rc8 26. g4 f4 27. g5 Qd6 28. Qh3 Rb8 29. Rb7+ Rxb7 30. Bxb7 Bc5 31. Bd5 Qb6 32. Qd7+ 1-0

[Event "IV Niterói Chess Open 2024"]
[Site "Rio de Janeiro"]
[Date "2024.08.28"]
[Round "1"]
[Board "44"]
[White "Cardoso, Rafaela Martins"]
[Black "Prado Oliveira, Fellipe"]
[Result "0-1"]
[WhiteElo "1657"]
[BlackElo "1947"]
[Annotator "Chessbase"]
[PlyCount "38"]
[EventDate "2024.08.28"]
[EventRounds "7"]
[EventCountry "BRA"]

1. e4 c5 2. Nf3 Nc6 3. d4 cxd4 4. Nxd4 g6 5. c4 Nf6 6. Nc3 d6 7. Be3 Ng4 8. Bc1 Qb6 9. Be3 Nxe3 10. fxe3 Bg7 ({RR} 10... Bh6 11. Nd5 Qa5+ 12. b4 Qd8 13. Qf3 O-O 14. Be2 e6 15. Nf6+ Kg7 16. O-O Qb6 17. Rad1 Ne5 18. Nh5+ Kg8 19. Nf6+ Kh8 20. Qh3 Kg7 21. g4 Rh8 22. Kh1 Bg5 23. Qg3 Bxf6 24. g5 Be7 25. Nf3 {0-1 Starosta,M (2266)-Kislinsky,A (2355) Titled Tue 16th Jul Early 2024 (1)}) 11. Nc2 $146 ({RR} 11. Nd5 Qa5+ 12. Qd2 Qxd2+ 13. Kxd2 Kd8 14. Kc3 Be6 15. Nb4 Rc8 16. Rd1 Kd7 17. b3 a5 18. Nd5 Bxd5 19. exd5 Nb4 20. Kb2 Rhf8 21. a3 Na6 22. Ka2 Nc5 23. Bd3 e5 24. Nb5 f5 25. Rhf1 Rce8 {0-1 Ulehla,J (1863)-Greno,P (1793) SVK-ch U16 Lubovna 2020 (7)}) ({RR} 11. Nd5 Qd8 12. Be2 O-O 13. O-O e6 14. Nc3 Ne5 15. Ndb5 Qb6 16. Qxd6 Qxe3+ 17. Kh1 Bd7 18. Na3 Bc6 19. Nc2 Qg5 20. Rad1 Rad8 21. Qa3 Rxd1 22. Rxd1 Ng4 23. Bxg4 Qxg4 24. Ne3 Qg5 25. Qxa7 f5 {0-1 Lewandowski,W (1542)-Gajzner,R (1740) Rubinstein Memorial-C 55th 2019 (7)}) ({RR} 11. Nd5 Qd8 12. Qd2 O-O 13. Be2 e6 14. Nc3 Qg5 15. O-O-O Nxd4 16. exd4 Qxd2+ 17. Kxd2 Bxd4 18. Kc2 Be5 19. Bf3 Bd7 20. Nb5 Rfc8 21. Nxd6 Bxd6 22. Rxd6 Rxc4+ 23. Kb3 Rc7 24. Rhd1 Bc6 25. R1d2 Kf8 {0-1 Louassier,C (1670)-Delabbey,F (1902) Rochefort op-B 18th 2019 (7)}) 11... O-O 12. Bd3 Qxb2 13. Nd5 e6 14. Nf4 Qc3+ 15. Kf1 Ne5 16. Rb1 Nxc4 17. Ne2 Qxc2 18. Bxc4 Qxc4 19. Kg1 b6 0-1

[Event "IV Niterói Chess Open 2024"]
[Site "Rio de Janeiro"]
[Date "2024.08.30"]
[Round "4"]
[Board "23"]
[White "Guimaraes, Artemis Pamela"]
[Black "Teixeira, Maria Luiza Prado"]
[Result "1-0"]
[WhiteElo "2002"]
[BlackElo "1878"]
[Annotator "Chessbase"]
[PlyCount "44"]
[EventDate "2024.08.28"]
[EventRounds "7"]
[EventCountry "BRA"]

1. e4 c5 2. Nf3 Nc6 3. d4 cxd4 4. Nxd4 g6 5. c4 Bg7 6. Be3 Nf6 7. Nc3 d6 8. Be2 O-O 9. O-O Bd7 10. b3 Nxd4 11. Bxd4 Bc6 12. Qc2 ({RR} 12. Bd3 a5 13. Rc1 Nd7 14. Bxg7 Kxg7 15. Be2 Kg8 16. Re1 Qb6 17. Rb1 Ne5 18. Kf1 f5 19. Nd5 Bxd5 20. exd5 f4 21. f3 a4 22. b4 Rfc8 23. Qc2 Qe3 24. Qc1 Qxc1 25. Rexc1 Rc7 26. Rc3 b5 {1-0 Shogdzhiev,R (1901)-Vakhidov,D (2175) World Blitz 2023 (11.72)}) 12... a5 13. Rad1 Nd7 14. Bxg7 $146 ({RR} 14. Be3 Qc7 15. f3 Nc5 16. Rd2 Qb6 17. Rb1 Qb4 18. Nd5 Bxd5 19. cxd5 Rfc8 20. Qc4 Na6 21. Qxb4 Nxb4 22. Bc4 a4 23. a3 axb3 24. Rxb3 Rxc4 25. Rxb4 Rxb4 26. axb4 Bc3 27. Rc2 Bxb4 28. Rc7 Rb8 {½-½ Puerto Traver,J (2163)-Castella Garcia,F (2334) Mislata op-A 2010 (2)}) 14... Kxg7 15. Bg4 Nc5 16. e5 Qc7 17. exd6 exd6 18. Nd5 Bxd5 19. Rxd5 Rfe8 20. Qc3+ Kg8 21. Bf3 Re6 22. Qd4 a4 1-0

[Event "IV Niterói Chess Open 2024"]
[Site "Rio de Janeiro"]
[Date "2024.08.30"]
[Round "4"]
[Board "16"]
[White "Santos, Abel Cardoso Dos"]
[Black "Rodrigues Mota, Romulo Cardoso S"]
[Result "0-1"]
[WhiteElo "1923"]
[BlackElo "2110"]
[Annotator "Chessbase"]
[PlyCount "56"]
[EventDate "2024.08.28"]
[EventRounds "7"]
[EventCountry "BRA"]

1. e4 c5 2. Nf3 g6 3. d4 cxd4 4. Nxd4 Nc6 5. c4 Bg7 6. Be3 Nf6 7. Nc3 Ng4 8. Qxg4 Nxd4 9. Qd1 e5 10. Qd2 Qa5 11. O-O-O O-O 12. Kb1 d6 13. Bh6 f5 $146 ({RR} 13... Bg4 14. f3 Be6 15. h4 f5 16. Bxg7 Kxg7 17. Qg5 h6 18. Qe7+ Bf7 19. Qxd6 Rfd8 20. Qa3 Qxa3 21. bxa3 Rac8 22. exf5 Nxf5 23. Ne4 Rc6 24. c5 a6 25. Bd3 Ne3 26. Rd2 Rd7 27. g4 b5 28. Re1 {1-0 Takacs,L (2045)-Baktiar,H (1896) Budapest FS12 Nadassy 2018 (5.1)}) 14. f3 Bxh6 15. Qxh6 fxe4 16. Nxe4 Bf5 17. Bd3 d5 18. Ng5 Bxd3+ 19. Rxd3 Qc7 20. Rxd4 exd4 21. Ne6 Qf7 22. Nxf8 Rxf8 23. cxd5 Qf5+ 24. Ka1 Qxd5 25. Re1 Qd7 26. Qh4 Rc8 27. Kb1 Qf5+ 28. Qe4 Re8 0-1

[Event "IV Niterói Chess Open 2024"]
[Site "Rio de Janeiro"]
[Date "2024.08.29"]
[Round "3"]
[Board "51"]
[White "Dos Santos, Vinicius Goncalves Azevedo"]
[Black "Mattos, Bernardo Cunha"]
[Result "0-1"]
[WhiteElo "1800"]
[BlackElo "1719"]
[Annotator "Chessbase"]
[PlyCount "38"]
[EventDate "2024.08.28"]
[EventRounds "7"]
[EventCountry "BRA"]

1. e4 c5 2. Nf3 e6 3. d3 Nc6 4. g3 Nf6 5. Bg2 d5 6. exd5 exd5 7. O-O Be7 8. Re1 O-O 9. Bg5 $146 ({RR} 9. c3 h6 10. Nbd2 Bf5 11. Nf1 Re8 12. d4 Qb6 13. b3 cxd4 14. Nxd4 Nxd4 15. cxd4 Bb4 16. Rxe8+ Rxe8 17. Be3 Ba3 18. Qd2 Rc8 19. h3 Bb4 20. Qd1 Ba3 21. g4 Bc2 22. Qe2 Bb2 23. Re1 Bxd4 {0-1 Napit,B (1909)-Abtini,H Asia Clubs 1st 2008 (3)}) ({RR} 9. c3 h6 10. a3 a5 11. a4 Bf5 12. Na3 Qd7 13. Nb5 Ne8 14. Bf4 g5 15. Be3 Ng7 16. d4 c4 17. Ne5 Qc8 18. Bxd5 Nxe5 19. dxe5 Bg4 20. Qd4 Be6 21. Bxe6 Nxe6 22. Qg4 Kg7 23. h4 Rh8 {1-0 Chinner,R-Davies,S Africa-ch Amateur 2005 (3)}) 9... h6 10. Bf4 Bg4 11. c3 d4 12. Qc2 Nd5 13. Bd2 dxc3 14. Nxc3 Ndb4 15. Qa4 Qxd3 16. Rad1 Bxf3 17. Bxh6 Bxd1 18. Rxd1 Qa6 19. Qb3 c4 0-1

[Event "IV Niterói Chess Open 2024"]
[Site "Rio de Janeiro"]
[Date "2024.08.30"]
[Round "4"]
[Board "42"]
[White "De Oliveira, Tobias Luiz Carvalho"]
[Black "Ferreira, Marcone Fiuza"]
[Result "0-1"]
[WhiteElo "1731"]
[BlackElo "1969"]
[Annotator "Chessbase"]
[PlyCount "74"]
[EventDate "2024.08.28"]
[EventRounds "7"]
[EventCountry "BRA"]

1. e4 c5 2. Nf3 a6 3. c4 e6 4. Nc3 d6 5. d4 cxd4 6. Nxd4 Nf6 7. f3 Be7 8. Be3 Qc7 9. Qd2 Nbd7 10. Be2 b6 11. O-O Bb7 12. Rfc1 O-O 13. a3 Rac8 14. Rab1 Qb8 15. b4 Bd8 16. Nb3 Bc7 17. a4 $146 ({RR} 17. g3 Rfd8 18. Kf2 Qa8 19. Kg1 d5 20. exd5 exd5 21. cxd5 Nxd5 22. Nxd5 Bxd5 23. Bxa6 Qxa6 24. Qxd5 Ne5 25. Qe4 Re8 26. Bf2 Rcd8 27. Nd4 Re7 {½-½ Kaslan,C (1599)-Condori,A (1670) South America School-ch 33rd 2017 (3.4)}) 17... d5 18. cxd5 Bxh2+ 19. Kh1 exd5 20. Nxd5 Rxc1+ 21. Rxc1 Nxd5 22. exd5 Qg3 23. Rc4 Qd6 24. Nd4 g6 25. Nc6 Re8 26. Rd4 Bg3 27. Bc4 Qf6 28. Kg1 Qf5 29. Rg4 Bd6 30. Rg5 Qb1+ 31. Bf1 a5 32. b5 Qb3 33. Rg4 Qxe3+ 34. Qxe3 Rxe3 35. Nd8 Bxd5 36. Rd4 Nf6 37. Bc4 Bc5 0-1

[Event "IV Niterói Chess Open 2024"]
[Site "Rio de Janeiro"]
[Date "2024.08.29"]
[Round "3"]
[Board "8"]
[White "De Souza, Felipe Guimaraes"]
[Black "Lujan, Carolina"]
[Result "1/2-1/2"]
[WhiteElo "2038"]
[BlackElo "2262"]
[Annotator "Chessbase"]
[PlyCount "103"]
[EventDate "2024.08.28"]
[EventRounds "7"]
[EventCountry "BRA"]

1. e4 c5 2. Nf3 e6 3. c4 Nc6 4. d4 cxd4 5. Nxd4 Nf6 6. Nc3 Bb4 7. Nxc6 bxc6 8. Bd3 e5 9. O-O Bc5 10. h3 ({RR} 10. Rb1 a5 11. Na4 Bd4 12. Re1 d6 13. Be3 Bxe3 14. Rxe3 c5 15. Nc3 O-O 16. Be2 Bb7 17. Qd2 Qe7 18. Rd1 Rfd8 19. Bf3 a4 20. Rd3 Ne8 21. Nb5 Ba6 22. Be2 Bb7 23. Qe3 h6 24. h3 Bc6 {1-0 Oparin,G (2652)-Bocharov,D (2524) Titled Tuesday intern op 26th May blitz 2020 (10)}) 10... d6 ({RR} 10... O-O 11. Re1 d6 12. Be3 Bd4 13. Bxd4 exd4 14. Na4 Nd7 15. c5 Nxc5 16. Nxc5 dxc5 17. Qc2 Be6 18. Rec1 Qb6 19. b3 c4 20. Bxc4 c5 21. Bxe6 Qxe6 22. Qxc5 Qxe4 23. Re1 Qf4 24. Rad1 Rfd8 25. Rd3 {1-0 Saric,A (2508)-Ljikar,Z (2200) 28th Bosnjaci Open 2024 (3.1)}) 11. Rb1 $146 ({RR} 11. Bd2 O-O 12. Rc1 Be6 13. Ne2 Rb8 14. b3 Nh5 15. Kh2 Qh4 16. Qe1 f5 17. f3 Qxe1 18. Rfxe1 f4 19. Rf1 Rf6 20. Be1 Rg6 21. Rd1 Kf7 22. Rc1 Ke7 23. Bh4+ Kd7 24. Rcd1 Kc7 25. Be1 Nf6 {½-½ Mrva,V (2059)-Haring,F (2267) SVK-chT1E 1718 2017 (4.4)}) ({RR} 11. a3 Be6 12. Rb1 Qc7 13. b4 Bd4 14. Ne2 c5 15. b5 Nd7 16. Bd2 O-O 17. Qc2 a5 18. Kh1 a4 19. f4 f6 20. f5 Bf7 21. g4 Nb6 22. h4 Qd7 23. Ng3 Kh8 24. g5 Rg8 25. Rf3 Qe8 {½-½ Sadeghi,P (1588)-Klyucharev,A (1696) Geneve Bois Gentil op 2019 (6)}) ({RR} 11. Re1 Rb8 12. Rb1 O-O 13. Be3 Nd7 14. Qd2 Qc7 15. Be2 Bxe3 16. Qxe3 Nc5 17. Bg4 a5 18. b3 g6 19. Na4 Nxa4 20. bxa4 Ba6 21. c5 Rxb1 22. Rxb1 d5 23. Rb6 Bc8 24. Bxc8 Rxc8 25. exd5 cxd5 {½-½ Popov,M (2338)-Popov,I (2627) TCh-RUS Premier 2023 (2.4)}) 11... g5 12. Ne2 g4 13. h4 g3 14. Nxg3 Rg8 15. Nf5 Ng4 16. Bg5 Rxg5 17. hxg5 Bxf5 18. exf5 Qxg5 19. Qf3 Qh4 20. Qh3 Bxf2+ 21. Kh1 Qg5 22. Be2 h5 23. g3 Kd7 24. f6 Kc7 25. Bxg4 hxg4 26. Qh7 Qxf6 27. Qe4 Qh6+ 28. Kg2 f5 29. Qxf5 Rf8 30. Qxg4 Qh7 31. Qh4 Qf5 32. Qe7+ Kb6 33. c5+ dxc5 34. Qxf8 Qxf8 35. Rxf2 Qd6 36. a3 c4 37. Rc1 Qd5+ 38. Kh2 e4 39. Re1 Qd4 40. Ree2 Qd3 41. g4 e3 42. Rg2 c3 43. g5 Qd6+ 44. Kh3 Qe6+ 45. Kh2 Qe5+ 46. Kh3 Qe6+ 47. Kh4 Qe4+ 48. Kh5 Qh7+ 49. Kg4 Qe4+ 50. Kg3 Qf5 51. Kh2 Qh7+ 52. Kg3 1/2-1/2

[Event "IV Niterói Chess Open 2024"]
[Site "Rio de Janeiro"]
[Date "2024.08.28"]
[Round "1"]
[Board "14"]
[White "De Haro, Martim Afonso Palma"]
[Black "Aranha Filho, Alvaro Z."]
[Result "0-1"]
[WhiteElo "1804"]
[BlackElo "2196"]
[Annotator "Chessbase"]
[PlyCount "48"]
[EventDate "2024.08.28"]
[EventRounds "7"]
[EventCountry "BRA"]

1. e4 c5 2. Nf3 e6 3. d4 cxd4 4. Nxd4 Nc6 5. Nb5 d6 6. N1c3 a6 7. Nd4 Nf6 8. Be2 ({RR} 8. Be3 d5 9. exd5 Nxd5 10. Nxd5 Qxd5 11. Nxc6 bxc6 12. Bd4 Bb7 13. Bc3 O-O-O 14. Qxd5 cxd5 15. O-O-O f6 16. Be2 Bc5 17. Bd4 Bxd4 18. Rxd4 Rd6 19. Bf3 g6 20. Rhd1 Kc7 21. Rb4 Rb6 22. Rxb6 Kxb6 {½-½ Buchinger,A (1676)-Thomas,T (1959) Rhein Main op-A 24th 2022 (6)}) 8... Be7 9. f4 ({RR} 9. Be3 O-O 10. O-O Qc7 11. a4 Re8 12. Nb3 b6 13. f4 Bf8 14. Kh1 Rb8 15. Qd2 Bb7 16. Bf3 Nd7 17. Rae1 Na5 18. Bg1 Nc4 19. Qc1 Rbc8 20. Nd1 g6 21. Nd4 Bh6 22. g3 e5 23. Ne2 Nf6 {0-1 Cardoso,P (2119)-Bruzon Batista,L (2628) POR-chT Vila Nova de Gaia 2004 (5.1)}) 9... Qc7 $146 ({RR} 9... O-O 10. Bf3 Qc7 11. Qd3 Bd7 12. Be3 b5 13. O-O Rac8 14. Rac1 Rfe8 15. Kh1 Nxd4 16. Bxd4 Bc6 17. e5 Nd7 18. exd6 Bxd6 19. Bxc6 Qxc6 20. Ne4 Bxf4 21. Rxf4 e5 22. Ng5 Qh6 23. Rxf7 exd4 24. Rxd7 {½-½ Pena Riasco,A (2176)-Sanchez Dengra,J (2059) Benidorm op U2300 11th 2012 (9)}) 10. O-O d5 11. Nxc6 bxc6 12. exd5 exd5 13. Be3 O-O 14. Kh1 Bb7 15. Bd4 Rad8 16. Be5 Qd7 17. Bf3 c5 18. Qe1 d4 19. Bxf6 Bxf6 20. Ne4 Bxe4 21. Qxe4 c4 22. Rad1 Rfe8 23. Qb7 Qxb7 24. Bxb7 Re2 0-1

[Event "IV Niterói Chess Open 2024"]
[Site "Rio de Janeiro"]
[Date "2024.08.29"]
[Round "3"]
[Board "30"]
[White "Nascimento, Daniel Rojas"]
[Black "Pontes, Luiz Felizola Lima"]
[Result "1/2-1/2"]
[WhiteElo "1948"]
[BlackElo "1777"]
[Annotator "Chessbase"]
[PlyCount "92"]
[EventDate "2024.08.28"]
[EventRounds "7"]
[EventCountry "BRA"]

1. e4 c5 2. Nf3 e6 3. d4 cxd4 4. Nxd4 Nc6 5. Nc3 Qc7 6. Be3 a6 7. Bd3 Nf6 8. O-O Nxd4 9. Bxd4 Bc5 10. Bxc5 Qxc5 11. Qf3 O-O 12. Rfe1 d6 13. e5 dxe5 14. Ne4 Nxe4 15. Qxe4 g6 16. h4 $146 ({RR} 16. Qxe5 Qxe5 17. Rxe5 Rd8 18. g4 b6 19. Kg2 Rd4 20. Kg3 Bb7 21. a3 Kg7 22. Rae1 Rc8 23. R1e3 Rc7 24. h4 h6 25. f4 Kf6 26. g5+ hxg5 27. fxg5+ Ke7 28. c3 Rd8 29. h5 gxh5 30. Be2 Rg8 {0-1 Jacek,K (2088)-Matuszewski,M (2384) POL-ch U18 Murzasichle 2011 (7)}) 16... Qd4 17. Qxe5 Qxe5 18. Rxe5 Bd7 19. Be4 Rac8 20. Bxb7 Rxc2 21. b3 Rb8 22. Bxa6 Ra8 23. Re2 Rxe2 24. Bxe2 Ra3 25. Bc4 Bc6 26. b4 Kf8 27. Rb1 Bd5 28. Bxd5 exd5 29. Rb2 Ke7 30. b5 Kd7 31. b6 Kc8 32. b7+ Kb8 33. f3 f5 34. Kf2 f4 35. g3 fxg3+ 36. Kxg3 d4 37. Kg4 Re3 38. Kf4 h6 39. Rb4 g5+ 40. hxg5 hxg5+ 41. Kg4 d3 42. a4 d2 43. Rd4 Ra3 44. Kxg5 Rxf3 45. Rxd2 Kxb7 46. Rd7+ Ka6 1/2-1/2